000 00375nam a2200157Ia 4500
008 221030s9999 xx 000 0 und d
020 _a8126500425
041 _aEnglish
082 _a105.23
_bCar
100 _aM. D. Carol
245 0 _aOracle 8i For Dummies
_cby M. D. Carol
260 _bIDG Books
_aNew Delhi
_c2000
300 _a400
650 _aComputers
942 _cBK
999 _c1830
_d1830